000
00264nam a2200097Ia 4500
001
985778
005
20250826221049.0
008
250824s9999 xx 000 0 und d
245
0
_a
SİHİRLİ AĞAÇ EVİ- KURTAR BİZİ MAMUT
_c
MARY POPE OSBORNE
260
_b
DOMİNGO
999
_c
985778
_d
985778